| 000 | 01340nam a2200361 a 4500 | ||
|---|---|---|---|
| 001 | 4496171 | ||
| 003 | OSt | ||
| 005 | 20110720120437.0 | ||
| 008 | 970416s1996 it a b i000 0 eng c | ||
| 010 | _a 97140393 | ||
| 020 | _a9250038135 | ||
| 040 |
_aMoSU-L _cMoSU-L |
||
| 041 | 0 | _aengfre | |
| 042 | _apcc | ||
| 043 | _af------ | ||
| 050 | 1 | 4 |
_aKQ147 _b.R35 1996 |
| 082 | _222 | ||
| 100 | 1 |
_aRamazzotti, Marco. _9667 |
|
| 245 | 1 | 0 |
_aReadings in African customary water law = _bAnthologie du droit coutumier de l'eau en Afrique / _cMarco Ramazzotti. |
| 246 | 1 | 1 | _aAnthologie du droit coutumier de l'eau en Afrique |
| 260 |
_aRome : _bFood and Agriculture Organization of the United Nations, _c1996. |
||
| 300 |
_a465 p. : _bill. ; _c30 cm. |
||
| 490 | 1 |
_aFAO legislative study = FAO étude législative, _x1014-6679 ; _v58 |
|
| 504 | _aIncludes bibliographical references p. 447-465. | ||
| 546 | _aEnglish and French. | ||
| 650 | 0 |
_aWater _xLaw and legislation _zAfrica. _9668 |
|
| 650 | 0 |
_aCustomary law _zAfrica. _9669 |
|
| 710 | 2 |
_aFood and Agriculture Organization of the United Nations. _9670 |
|
| 830 | 0 |
_aFAO legislative study ; _v58. _9671 |
|
| 906 |
_a7 _bcbc _cpccunad _du _encip _f19 _gy-gencatlg |
||
| 942 |
_2ddc _cBK |
||
| 999 |
_c228 _d228 |
||